Pracovné právo

Gespeichert in:
Bibliographische Detailangaben
1. Verfasser: Barancová, Helena
Weitere Verfasser: Schronk, Robert
Format: Buch
Sprache:Slowakisch
Veröffentlicht: Bratislava Sprint vfra 2007
Schlagworte:
Tags: Tag hinzufügen
Keine Tags, Fügen Sie das erste Tag hinzu!

MARC

LEADER 00000nam$a2200000$$$4500
001 0094857
005 20220913101024.1
020 |a 978-80-89085-95-8 
041 0 |a slo 
044 |a SK 
245 1 0 |a Pracovné právo  |c Helena Barancová, Robert Schronk 
264 1 |a Bratislava  |b Sprint vfra  |c 2007 
300 |a 814 s. 
610 2 0 |a právo pracovné 
610 2 0 |a vývoj 
610 2 0 |a vzťahy pracovnoprávne 
610 2 0 |a zmluvy pracovné 
610 2 0 |a právo medzinárodné 
610 2 0 |a zákonodarstvo 
610 2 0 |a zamestnanci 
610 2 0 |a zamestnávatelia 
610 2 0 |a záväzky pracovné 
610 2 0 |a pomer pracovný 
610 2 0 |a legislatíva 
610 2 0 |a predpisy právne 
610 2 0 |a zákony 
610 2 0 |a Slovensko 
610 2 0 |a Európska únia 
610 2 0 |a Rada Európy 
100 1 |a Barancová, Helena 
700 1 |a Schronk, Robert